へーそくさん 金沢part25名言集 - Statistics

General Stats
  • This quiz has been taken 16 times
  • The average score is 4 of 12
Answer Stats
Picture Answer % Correct
佐奈へ行け、早苗
100%
板野
50%
淡路町
50%
聞こえない!聞こえない!!
50%
たてばやし
50%
バカなの?死ぬの?特急しなの
33%
しかも各停の運用だったからダイヤの変更が確定だったのよね
17%
新幹線もっと増発しろ/編集しろ/毎秒投稿しろ/SHI⭐︎N⭐︎YA⭐︎TSU⭐︎SHI⭐︎RO
17%
カオスダイヤ愛好会代表取締役
0%
近鉄のホームドアの設置方法ですか?
0%
うるさい うるさい うるさーい! 浦佐
0%
14番線に はくたか 576階建て
0%
No matching quizzes found
Score Distribution
Percent of People with Each Score
Percentile by Number Answered
Your Score History
You have not taken this quiz